[Event "Quebec-ch intercoll."]
[Site "Montreal CAN"]
[Date "2000.04.21"]
[Round "2"]
[White "Kayembe, Doris"]
[Black "Nguyen, Anh Vu"]
[Result "1-0"]
[WhiteElo "1845"]
[BlackElo "1587"]
[PlyCount "43"]
[GameId "2160767911724564"]
[EventDate "2000.04.21"]
[EventType "swiss"]
[EventRounds "6"]
[EventCountry "CAN"]

1. e4 e6 2. d4 d5 3. Nc3 Nf6 4. Bg5 Be7 5. Bxf6 Bxf6 6. Nf3 O-O 7. e5 Be7 8. Bd3 f5 9. exf6 Bxf6 10. O-O Nc6 11. Ne5 Bxe5 12. dxe5 Qg5 13. f4 Qh6 14. Nb5 a6 15. Nxc7 Rb8 16. Kh1 Nd4 17. Bxh7+ Qxh7 18. Qxd4 Rf7 19. Qb6 Re7 20. Nxa6 Ra8 21. Nc7 Ra4 22. Qd6 1-0

[Event "Quebec-ch intercoll."]
[Site "Montreal CAN"]
[Date "2000.04.21"]
[Round "2"]
[White "Pescarus, Radu"]
[Black "Falardeau, Bruno"]
[Result "1-0"]
[WhiteElo "2052"]
[BlackElo "1842"]
[PlyCount "105"]
[GameId "2160767911724565"]
[EventDate "2000.04.21"]
[EventType "swiss"]
[EventRounds "6"]
[EventCountry "CAN"]

1. e4 e6 2. d4 d5 3. Nd2 c5 4. exd5 exd5 5. Ngf3 Nc6 6. c3 Bf5 7. Be2 Nf6 8. O-O Bd6 9. dxc5 Bxc5 10. Nb3 Bb6 11. Bg5 Be6 12. Nbd4 O-O 13. Re1 Rc8 14. Bb5 Qe7 15. Rc1 Rfd8 16. Rc2 a6 17. Bxc6 bxc6 18. Qe2 Re8 19. Qxa6 Qc7 20. Bxf6 gxf6 21. Qd3 Qf4 22. Rce2 Bd7 23. Rxe8+ Rxe8 24. Rxe8+ Bxe8 25. Qe3 Qxe3 26. fxe3 c5 27. Nf5 Kf8 28. Kf2 Bd7 29. g4 h5 30. h3 hxg4 31. hxg4 Be6 32. Ke2 Ba5 33. Kd3 c4+ 34. Kc2 Bb6 35. N3d4 Kg8 36. b4 cxb3+ 37. axb3 Kh7 38. Kd3 Kg6 39. Nf3 Bxf5+ 40. gxf5+ Kxf5 41. Nh4+ Kg4 42. Ng2 Kf3 43. Nf4 Bxe3 44. Nxd5 Bg5 45. b4 f5 46. b5 Kg2 47. b6 f4 48. b7 f3 49. b8=Q f2 50. Ne3+ Bxe3 51. Qg8+ Kf1 52. Kxe3 Ke1 53. Qxf7 1-0

[Event "Quebec-ch intercoll."]
[Site "Montreal CAN"]
[Date "2000.04.21"]
[Round "2"]
[White "Trinh, Tri Bao"]
[Black "Moskvitch, Andrei"]
[Result "0-1"]
[WhiteElo "1711"]
[BlackElo "2138"]
[PlyCount "80"]
[GameId "2160767911724566"]
[EventDate "2000.04.21"]
[EventType "swiss"]
[EventRounds "6"]
[EventCountry "CAN"]

1. e4 c5 2. c3 Nf6 3. e5 Nd5 4. d4 cxd4 5. Nf3 Nc6 6. cxd4 d6 7. Bc4 Nb6 8. Bxf7+ Kxf7 9. e6+ Kxe6 10. d5+ Nxd5 11. Ng5+ Kd7 12. Qxd5 Qa5+ 13. Qxa5 Nxa5 14. Bd2 Nc4 15. Bc3 h6 16. Nf3 e5 17. b3 Nb6 18. O-O Nd5 19. Rd1 Ke6 20. Bb2 b6 21. Nc3 Nxc3 22. Bxc3 Bb7 23. Nh4 Rc8 24. Rd3 Be4 25. Re3 Be7 26. Bxe5 dxe5 27. Rxe4 Bxh4 28. Rxh4 Rc2 29. Re4 Rd8 30. Rae1 Rdd2 31. Rxe5+ Kf6 32. Re6+ Kf7 33. Re7+ Kg6 34. Rxa7 Rxf2 35. a4 Rxg2+ 36. Kh1 Rxh2+ 37. Kg1 Rcg2+ 38. Kf1 Rb2 39. Kg1 Rhd2 40. Kh1 Kh7 0-1

[Event "Quebec-ch intercoll."]
[Site "Montreal CAN"]
[Date "2000.04.22"]
[Round "3"]
[White "Falardeau, Bruno"]
[Black "Lavoie, Alexandre"]
[Result "1-0"]
[WhiteElo "1842"]
[BlackElo "1145"]
[PlyCount "49"]
[GameId "2160767911724567"]
[EventDate "2000.04.21"]
[EventType "swiss"]
[EventRounds "6"]
[EventCountry "CAN"]

1. e4 c5 2. Nc3 e6 3. f4 Nc6 4. Nf3 Nd4 5. Bc4 a6 6. a4 d6 7. O-O Bd7 8. Nxd4 cxd4 9. Ne2 Qb6 10. d3 Qc5 11. Qe1 b5 12. axb5 Bxb5 13. Bxb5+ Qxb5 14. Nxd4 Qc5 15. Be3 e5 16. fxe5 dxe5 17. Ra5 Qc7 18. Nf5 g6 19. Nh4 Be7 20. Nf3 Bd6 21. Ng5 Qb7 22. Nxf7 Bb4 23. Rxe5+ Kd7 24. Qg3 Bd6 25. Nxd6 1-0

[Event "Quebec-ch intercoll."]
[Site "Montreal CAN"]
[Date "2000.04.22"]
[Round "3"]
[White "Kayembe, Doris"]
[Black "Pescarus, Radu"]
[Result "0-1"]
[WhiteElo "1845"]
[BlackElo "2052"]
[PlyCount "106"]
[GameId "2160767911724568"]
[EventDate "2000.04.21"]
[EventType "swiss"]
[EventRounds "6"]
[EventCountry "CAN"]

1. e4 c5 2. Nf3 d6 3. d4 cxd4 4. Nxd4 Nf6 5. Nc3 a6 6. Bc4 e6 7. Be3 Be7 8. f4 b5 9. Bd3 Qc7 10. O-O Bb7 11. a3 Nbd7 12. f5 e5 13. Nb3 Nc5 14. Nxc5 dxc5 15. Nd5 Bxd5 16. exd5 c4 17. Be2 Rd8 18. Kh1 Nxd5 19. Qc1 O-O 20. a4 Nxe3 21. Qxe3 Bc5 22. Qg3 f6 23. Bf3 Rd2 24. Rfd1 Rfd8 25. axb5 Rxd1+ 26. Rxd1 Rxd1+ 27. Bxd1 Qd6 28. Qf3 e4 29. Qh5 Qd2 30. g3 axb5 31. Qe8+ Bf8 32. Bh5 Qc1+ 33. Kg2 Qd2+ 34. Kh3 Qd5 35. Qe6+ Qxe6 36. fxe6 g6 37. Be2 Bc5 38. b3 f5 39. bxc4 b4 40. g4 Kf8 41. Kg3 Ke7 42. h3 Kxe6 43. Kf4 h6 44. gxf5+ gxf5 45. Bh5 Bd6+ 46. Ke3 Ke5 47. Bf7 f4+ 48. Kf2 Bc5+ 49. Ke2 f3+ 50. Ke1 Kf4 51. Bd5 e3 52. Bb7 e2 53. Kd2 Bf2 0-1

[Event "Quebec-ch intercoll."]
[Site "Montreal CAN"]
[Date "2000.04.22"]
[Round "3"]
[White "Moskvitch, Andrei"]
[Black "Simard, Francois"]
[Result "1-0"]
[WhiteElo "2138"]
[BlackElo "1674"]
[PlyCount "61"]
[GameId "2160767911724569"]
[EventDate "2000.04.21"]
[EventType "swiss"]
[EventRounds "6"]
[EventCountry "CAN"]

1. e4 e5 2. Nf3 Nc6 3. Bb5 Bc5 4. c3 d6 5. O-O Bd7 6. d4 exd4 7. cxd4 Bb6 8. Nc3 a6 9. Ba4 Nge7 10. e5 dxe5 11. d5 Nb8 12. Nxe5 O-O 13. Bb3 Bf5 14. Bg5 h6 15. Bh4 Qd6 16. Nc4 Qd7 17. Ba4 Qd8 18. Nxb6 cxb6 19. d6 g5 20. dxe7 Qxe7 21. Bg3 Rd8 22. Qf3 Be6 23. Rfe1 Nc6 24. Bxc6 bxc6 25. Qxc6 b5 26. Nd5 Bxd5 27. Qxh6 Be6 28. Be5 f5 29. Bf6 Qf8 30. Qg6+ Qg7 31. Qxg7# 1-0

[Event "Quebec-ch intercoll."]
[Site "Montreal CAN"]
[Date "2000.04.22"]
[Round "4"]
[White "Bergeron, Michel"]
[Black "Trinh, Tri Bao"]
[Result "0-1"]
[WhiteElo "1669"]
[BlackElo "1711"]
[PlyCount "136"]
[GameId "2160767911724572"]
[EventDate "2000.04.21"]
[EventType "swiss"]
[EventRounds "6"]
[EventCountry "CAN"]

1. f4 Nf6 2. b3 g6 3. Bb2 Bg7 4. Nf3 O-O 5. e3 b6 6. a4 Bb7 7. Be2 d5 8. O-O c5 9. Ne5 Nc6 10. Bf3 e6 11. Na3 Rc8 12. Nxc6 Bxc6 13. c4 Qd7 14. Qe2 Rfd8 15. Be5 Qb7 16. Nb5 Rd7 17. Nd6 Rxd6 18. Bxd6 Ne4 19. Be5 dxc4 20. bxc4 Rd8 21. d3 Nd6 22. Bxg7 Kxg7 23. Qb2+ Kg8 24. a5 Nf5 25. Bxc6 Qxc6 26. Qe2 Qd6 27. axb6 axb6 28. Ra3 e5 29. Qf3 exf4 30. Qxf4 Qxf4 31. exf4 Ne3 32. Rb1 Nc2 33. Rab3 Nb4 34. Kf1 Rd4 35. Ke2 Rxf4 36. Ke3 Rf6 37. Ke4 Re6+ 38. Kf3 Rd6 39. Ke3 f5 40. Kd2 Kf7 41. Re1 h6 42. Re3 g5 43. g3 Kg6 44. Rb1 f4 45. gxf4 gxf4 46. Rg1+ Kf5 47. Rf3 Nc6 48. Rh3 Rf6 49. Rh5+ Ke6 50. Re1+ Kf7 51. Rd5 Nd4 52. Rd7+ Kg6 53. Rg1+ Kf5 54. Rd5+ Ke6 55. Rb1 Ke7 56. Re1+ Kf7 57. Rd7+ Kg6 58. Rf1 Kg5 59. h4+ Kg4 60. Rg7+ Kf5 61. h5 f3 62. Ke3 Re6+ 63. Kf2 Re2+ 64. Kg1 Re6 65. Rf7+ Kg4 66. Rf2 Ne2+ 67. Kf1 Ng3+ 68. Kg1 Re1+ 0-1

[Event "Quebec-ch intercoll."]
[Site "Montreal CAN"]
[Date "2000.04.22"]
[Round "4"]
[White "Bouchard, Alexandre"]
[Black "Kayembe, Doris"]
[Result "0-1"]
[WhiteElo "1167"]
[BlackElo "1845"]
[PlyCount "66"]
[GameId "2160767911724573"]
[EventDate "2000.04.21"]
[EventType "swiss"]
[EventRounds "6"]
[EventCountry "CAN"]

1. e4 e6 2. d4 d5 3. exd5 exd5 4. Nc3 Nf6 5. Nf3 Bd6 6. Bg5 c6 7. Be2 O-O 8. O-O Bf5 9. Nh4 Be6 10. Bd3 h6 11. Be3 Bxh2+ 12. Kh1 Ng4 13. Nf3 Bc7 14. Bd2 Nd7 15. Ne2 c5 16. c3 Ndf6 17. dxc5 Ne4 18. Kg1 Nxc5 19. Qc2 Re8 20. Ned4 Nxd3 21. Qxd3 Qd7 22. Rfe1 Rad8 23. Qb5 Qe7 24. Rab1 a6 25. Qb3 b5 26. Nc6 Qc5 27. Nfd4 Rd6 28. Nb4 Rdd8 29. Nxa6 Qd6 30. Nxc7 Qh2+ 31. Kf1 Bf5 32. Rxe8+ Rxe8 33. Nxe8 Bd3+ 0-1

[Event "Quebec-ch intercoll."]
[Site "Montreal CAN"]
[Date "2000.04.22"]
[Round "4"]
[White "Moss, Laurent"]
[Black "Falardeau, Bruno"]
[Result "0-1"]
[WhiteElo "2050"]
[BlackElo "1842"]
[PlyCount "94"]
[GameId "2160767911724574"]
[EventDate "2000.04.21"]
[EventType "swiss"]
[EventRounds "6"]
[EventCountry "CAN"]

1. Nf3 c5 2. g3 Nc6 3. Bg2 e6 4. O-O Nf6 5. d3 d5 6. Nbd2 Bd6 7. e4 d4 8. Ne1 e5 9. f4 Ng4 10. Nc4 h5 11. f5 b5 12. Nxd6+ Qxd6 13. Bf3 Nf6 14. Bg5 Nh7 15. Bd2 Nf6 16. Bg5 Nh7 17. Bh4 Qh6 18. Bxh5 Nf6 19. Be2 Ba6 20. Qc1 Qh7 21. Nf3 Rc8 22. c3 c4 23. dxc4 bxc4 24. cxd4 Nxd4 25. Nxd4 exd4 26. Qd1 O-O 27. Bxf6 gxf6 28. Qxd4 Qh6 29. Rf4 Rfd8 30. Qc3 Rd6 31. Qb4 Rcd8 32. Rg4+ Kf8 33. Rd1 Qe3+ 34. Kf1 c3 35. Re1 Qf3+ 36. Kg1 Bxe2 37. Rf4 Qe3+ 38. Rf2 c2 39. e5 fxe5 40. Kg2 c1=Q 41. Rxc1 Qxc1 42. Rxe2 Qc6+ 43. Kh3 Kg7 44. Rxe5 Rh6+ 45. Kg4 Qd6 46. Qf4 Qd1+ 47. Kg5 Qh5# 0-1

[Event "Quebec-ch intercoll."]
[Site "Montreal CAN"]
[Date "2000.04.22"]
[Round "4"]
[White "Pescarus, Radu"]
[Black "Moskvitch, Andrei"]
[Result "0-1"]
[WhiteElo "2052"]
[BlackElo "2138"]
[PlyCount "86"]
[GameId "2160767911724575"]
[EventDate "2000.04.21"]
[EventType "swiss"]
[EventRounds "6"]
[EventCountry "CAN"]

1. e4 c5 2. Nc3 Nc6 3. f4 g6 4. Nf3 Bg7 5. Bb5 e6 6. Bxc6 bxc6 7. d3 d5 8. O-O Ne7 9. Qe1 c4 10. dxc4 Ba6 11. Kh1 Bxc4 12. Rf2 d4 13. Ne2 c5 14. Ne5 Ba6 15. b3 O-O 16. Nd3 Rc8 17. Bb2 Qb6 18. Ba3 Rfe8 19. Rb1 Bb7 20. Ng3 a5 21. Nb2 Ba6 22. Nf1 e5 23. Nd2 exf4 24. Ndc4 Bxc4 25. Nxc4 Qc7 26. Bc1 Nd5 27. Bd2 Ne3 28. Bxa5 Qc6 29. Rxf4 Ra8 30. Nxe3 dxe3 31. Bc3 Rxe4 32. Rxe4 Qxe4 33. Bxg7 Kxg7 34. Qc3+ Qd4 35. Qxd4+ cxd4 36. a4 Rc8 37. c4 dxc3 38. Kg1 c2 39. Rc1 Kf6 40. b4 Ke5 41. b5 Kd4 42. b6 Kc3 43. a5 Rb8 0-1

[Event "Quebec-ch intercoll."]
[Site "Montreal CAN"]
[Date "2000.04.23"]
[Round "5"]
[White "Kayembe, Doris"]
[Black "Simard, Francois"]
[Result "1-0"]
[WhiteElo "1845"]
[BlackElo "1682"]
[PlyCount "83"]
[GameId "2160767911724576"]
[EventDate "2000.04.21"]
[EventType "swiss"]
[EventRounds "6"]
[EventCountry "CAN"]

1. e4 e5 2. Nf3 Nc6 3. Bc4 Bc5 4. c3 Qe7 5. O-O h6 6. d4 exd4 7. cxd4 Bb4 8. a3 Ba5 9. b4 Bb6 10. Nc3 Nf6 11. e5 Nh7 12. Nd5 Qd8 13. Nxb6 axb6 14. d5 Nxb4 15. Qb3 Na6 16. e6 d6 17. Bb5+ Kf8 18. e7+ Qxe7 19. Re1 Qd8 20. Re8+ Qxe8 21. Bxe8 Kxe8 22. Bb2 f6 23. Re1+ Kf7 24. Qe3 Rf8 25. Qe7+ Kg8 26. Nd4 Bg4 27. Qe3 Kf7 28. f4 Rae8 29. Qg3 Rxe1+ 30. Qxe1 Re8 31. Qg3 Bd7 32. f5 Ng5 33. h4 Re5 34. hxg5 hxg5 35. Qf3 g4 36. Qxg4 Rxd5 37. Qg6+ Kg8 38. Ne6 Rd1+ 39. Kh2 Bxe6 40. fxe6 Nc5 41. Bxf6 Rd2 42. Qxg7# 1-0

[Event "Quebec-ch intercoll."]
[Site "Montreal CAN"]
[Date "2000.04.23"]
[Round "5"]
[White "Moskvitch, Andrei"]
[Black "Falardeau, Bruno"]
[Result "1/2-1/2"]
[WhiteElo "2138"]
[BlackElo "1842"]
[PlyCount "75"]
[GameId "2160767911724577"]
[EventDate "2000.04.21"]
[EventType "swiss"]
[EventRounds "6"]
[EventCountry "CAN"]

1. d4 e6 2. c4 Nf6 3. Nc3 d5 4. Bg5 Be7 5. Nf3 b6 6. e3 Bb7 7. Rc1 O-O 8. Bd3 Nbd7 9. O-O Rc8 10. cxd5 Nxd5 11. Bxe7 Qxe7 12. Nxd5 exd5 13. Qa4 a5 14. Bf5 Rfd8 15. Ne5 Nxe5 16. Bxc8 Bxc8 17. dxe5 Qxe5 18. Qh4 Re8 19. Qd4 Qd6 20. Rfd1 Be6 21. Qa4 Bd7 22. Qb3 Be6 23. Qb5 Rc8 24. e4 d4 25. e5 Qd8 26. Qd3 c5 27. b3 Qd7 28. h3 a4 29. f4 axb3 30. axb3 Qd5 31. f5 Bd7 32. Re1 Bc6 33. Rc2 Re8 34. Qg3 Kf8 35. Rd2 Bd7 36. e6 fxe6 37. Rde2 Kg8 38. Qd3 1/2-1/2

[Event "Quebec-ch intercoll."]
[Site "Montreal CAN"]
[Date "2000.04.23"]
[Round "5"]
[White "Perron, Jonathan"]
[Black "Bergeron, Michel"]
[Result "1-0"]
[WhiteElo "1659"]
[BlackElo "1669"]
[PlyCount "109"]
[GameId "2160767911724578"]
[EventDate "2000.04.21"]
[EventType "swiss"]
[EventRounds "6"]
[EventCountry "CAN"]

1. e4 c5 2. Nf3 e6 3. d4 cxd4 4. Nxd4 Nf6 5. Bd3 Nc6 6. c3 Be7 7. O-O O-O 8. Nd2 e5 9. Nf5 d6 10. Nxe7+ Qxe7 11. Nb3 Bg4 12. Qc2 Nh5 13. f4 exf4 14. Bxf4 Nxf4 15. Rxf4 Ne5 16. Be2 Be6 17. Nd2 Ng6 18. Rf2 d5 19. Re1 Qc5 20. exd5 Bxd5 21. Bf3 Bxf3 22. Nxf3 Rae8 23. Rxe8 Rxe8 24. Kh1 Nh4 25. Re2 Qb5 26. Nd4 Rxe2 27. Qxe2 Qxe2 28. Nxe2 Nf5 29. Kg1 Kf8 30. Kf2 Ke7 31. g4 Nh6 32. h3 f5 33. Kf3 g5 34. gxf5 Nxf5 35. Ke4 Ke6 36. c4 h5 37. b4 g4 38. Nf4+ Kf6 39. Nxh5+ Kg5 40. hxg4 Kxg4 41. Nf6+ Kg5 42. Ne8 Kg6 43. Kd5 Ne3+ 44. Kc5 b6+ 45. Kb5 Kf7 46. Nc7 Nc2 47. Nd5 Na3+ 48. Ka6 Nxc4 49. Kxa7 b5 50. Nc7 Ne5 51. Kb6 Ke7 52. Nxb5 Kd7 53. Nd4 Kc8 54. a4 Kb8 55. Nc6+ 1-0

[Event "Quebec-ch intercoll."]
[Site "Montreal CAN"]
[Date "2000.04.23"]
[Round "5"]
[White "Pescarus, Dana"]
[Black "Gagnon, Gabriel"]
[Result "1-0"]
[WhiteElo "1587"]
[BlackElo "1634"]
[PlyCount "117"]
[GameId "2160767911724579"]
[EventDate "2000.04.21"]
[EventType "swiss"]
[EventRounds "6"]
[EventCountry "CAN"]

1. c4 Nf6 2. Nc3 g6 3. g3 Bg7 4. Bg2 d6 5. d4 O-O 6. Nf3 Nbd7 7. O-O e5 8. dxe5 dxe5 9. Qc2 c6 10. Rd1 Qc7 11. Be3 Ng4 12. Bd2 f5 13. h3 Ngf6 14. Ng5 Nc5 15. Be3 Ne6 16. Nxe6 Bxe6 17. Bc5 Rfd8 18. b3 b6 19. Be3 h6 20. Rac1 Rac8 21. Rxd8+ Rxd8 22. Rd1 Re8 23. Qd2 g5 24. Qd6 Qf7 25. Bxc6 Re7 26. Nd5 Nxd5 27. Bxd5 f4 28. Bc1 Kh7 29. Be4+ Kg8 30. Qb8+ Bf8 31. Rd8 Rd7 32. Rxd7 Qxd7 33. Ba3 Qf7 34. Kh2 fxg3+ 35. fxg3 Kg7 36. Qxe5+ Kg8 37. Qxe6 Qxe6 38. Bd5 Qxd5 39. cxd5 Bxa3 40. e4 Kf7 41. e5 Bb2 42. e6+ Ke7 43. Kg2 h5 44. Kf3 Kd6 45. Ke4 Bf6 46. Kf5 Bd8 47. Ke4 Be7 48. g4 h4 49. Kd4 b5 50. a4 a6 51. Ke4 Bd8 52. Kd4 Bf6+ 53. Ke4 Kc5 54. Kf5 Bd8 55. Ke5 Bc7+ 56. Kf6 Bd6 57. e7 Bxe7+ 58. Kxe7 Kxd5 59. Kf6 1-0

[Event "Quebec-ch intercoll."]
[Site "Montreal CAN"]
[Date "2000.04.23"]
[Round "5"]
[White "Trinh, Tri Bao"]
[Black "Pescarus, Radu"]
[Result "1-0"]
[WhiteElo "1711"]
[BlackElo "2052"]
[PlyCount "39"]
[GameId "2160767911724580"]
[EventDate "2000.04.21"]
[EventType "swiss"]
[EventRounds "6"]
[EventCountry "CAN"]

1. e4 c5 2. c3 Nf6 3. e5 Nd5 4. d4 cxd4 5. Nf3 Nc6 6. cxd4 e6 7. Nc3 Nxc3 8. bxc3 d6 9. exd6 Bxd6 10. Bd3 h6 11. O-O O-O 12. Qe2 b6 13. Qe4 f5 14. Qxc6 Rb8 15. Qa4 Bb7 16. Qd1 g5 17. Qe2 Qf6 18. Re1 Rbe8 19. Ne5 Re7 20. Nc4 1-0

[Event "Quebec-ch intercoll."]
[Site "Montreal CAN"]
[Date "2000.04.23"]
[Round "6"]
[White "Falardeau, Bruno"]
[Black "Pescarus, Dana"]
[Result "1-0"]
[WhiteElo "1842"]
[BlackElo "1587"]
[PlyCount "113"]
[GameId "2160767911724581"]
[EventDate "2000.04.21"]
[EventType "swiss"]
[EventRounds "6"]
[EventCountry "CAN"]

1. e4 d5 2. exd5 Nf6 3. d4 Nxd5 4. c4 Nf6 5. Nf3 Bg4 6. Be2 e6 7. O-O Be7 8. Nc3 c6 9. Bf4 Nbd7 10. Qc2 Bf5 11. Qb3 Qb6 12. Qxb6 Nxb6 13. a3 a5 14. Rad1 Rc8 15. Rfe1 O-O 16. Bf1 Rfd8 17. h3 Bf8 18. Bg5 Be7 19. d5 cxd5 20. cxd5 Nbxd5 21. Nxd5 Nxd5 22. Rxd5 Rxd5 23. Bxe7 Rc7 24. Bg5 Rc2 25. b4 axb4 26. axb4 h6 27. Be3 Rb2 28. b5 Bd3 29. Bxd3 Rxd3 30. b6 Rd8 31. Rc1 Ra2 32. Rc7 Rb8 33. Ne5 Ra1+ 34. Kh2 Raa8 35. Rxf7 Ra5 36. Rd7 Rxe5 37. Bf4 Rd5 38. Rxd5 exd5 39. Bxb8 g5 40. Kg3 Kf7 41. Kf3 Ke6 42. Ke3 Kd7 43. Kd4 Kc6 44. Bc7 h5 45. g4 hxg4 46. hxg4 Kd7 47. Kxd5 Kc8 48. Ke5 Kd7 49. Kf5 Ke7 50. Kxg5 Kf7 51. Kh6 Kg8 52. g5 Kh8 53. g6 Kg8 54. g7 Kf7 55. Kh7 Ke6 56. g8=Q+ Kd7 57. Qg6 1-0

[Event "Quebec-ch intercoll."]
[Site "Montreal CAN"]
[Date "2000.04.23"]
[Round "6"]
[White "Trinh, Tri Bao"]
[Black "Kayembe, Doris"]
[Result "1-0"]
[WhiteElo "1711"]
[BlackElo "1845"]
[PlyCount "97"]
[GameId "2160767911724582"]
[EventDate "2000.04.21"]
[EventType "swiss"]
[EventRounds "6"]
[EventCountry "CAN"]

1. e4 e6 2. d4 d5 3. exd5 exd5 4. Bd3 Nf6 5. Bf4 Be7 6. Nf3 Bg4 7. Nbd2 Nbd7 8. c3 c5 9. Qc2 Rc8 10. h3 Bxf3 11. Nxf3 Qa5 12. O-O O-O 13. dxc5 Qxc5 14. Nd4 a6 15. Rfe1 Rfe8 16. Re3 g6 17. Rae1 Bf8 18. a3 Kg7 19. Qb3 b5 20. Qd1 Bd6 21. Qf3 Qc7 22. Nf5+ gxf5 23. Qg3+ Kh8 24. Bxd6 Qc6 25. Bxf5 Ne4 26. Qh4 Ndf6 27. Bxc8 Qxd6 28. Bf5 Rg8 29. f3 Ng5 30. Qd4 h5 31. h4 Ngh7 32. Qe5 Qc6 33. Qf4 Qb6 34. Qh6 Qc5 35. Bxh7 Nxh7 36. Qxh5 Qf8 37. Re8 Qc5+ 38. Kh1 Qf2 39. Qg4 Qxe1+ 40. Rxe1 Rxg4 41. fxg4 Nf6 42. g5 Ne4 43. g4 Nf2+ 44. Kg2 Nxg4 45. Kg3 f5 46. Kf4 Nf2 47. Kxf5 Nd3 48. Re2 Kg7 49. h5 1-0

[Event "Quebec-ch qual"]
[Site "Montreal CAN"]
[Date "2000.04.28"]
[Round "1"]
[White "Angers, Gilles"]
[Black "Cardin, Guillaume"]
[Result "0-1"]
[WhiteElo "2085"]
[BlackElo "1766"]
[PlyCount "66"]
[GameId "2160767911703376"]
[EventDate "2000.07.02"]
[EventType "swiss"]
[EventRounds "5"]
[EventCountry "CAN"]
[SourceTitle "EXT 2009"]
[Source "ChessBase"]
[SourceDate "2008.11.26"]
[SourceVersion "1"]
[SourceVersionDate "2008.11.26"]
[SourceQuality "1"]

1. e4 e5 2. Nf3 Nc6 3. Bb5 a6 4. Ba4 Nf6 5. O-O b5 6. Bb3 Bb7 7. Re1 Bc5 8. c3 Ng4 9. d4 exd4 10. Bxf7+ Kxf7 11. Ng5+ Kg8 12. Qxg4 dxc3 13. Nxc3 Qf6 14. Nh3 Ne5 15. Qe2 h6 16. Be3 Bxe3 17. Qxe3 Kh7 18. Rad1 d6 19. b3 Rhf8 20. Nd5 Bxd5 21. Rxd5 Rae8 22. Qg3 Nc6 23. f4 Nb4 24. Rd2 c5 25. f5 Qe5 26. Qxe5 Rxe5 27. Rxd6 Nxa2 28. Rxa6 Nc3 29. Nf2 Rfxf5 30. Nd3 Rxe4 31. Rxe4 Nxe4 32. Re6 Nd2 33. b4 Rf1# 0-1

[Event "Quebec-ch qual"]
[Site "Montreal CAN"]
[Date "2000.04.28"]
[Round "1"]
[White "Gauthier, Luc"]
[Black "Pnevmonidis, Pantelis"]
[Result "0-1"]
[WhiteElo "1776"]
[BlackElo "2114"]
[PlyCount "76"]
[GameId "2160767911703377"]
[EventDate "2000.07.02"]
[EventType "swiss"]
[EventRounds "5"]
[EventCountry "CAN"]
[SourceTitle "EXT 2009"]
[Source "ChessBase"]
[SourceDate "2008.11.26"]
[SourceVersion "1"]
[SourceVersionDate "2008.11.26"]
[SourceQuality "1"]

1. e4 c5 2. Nc3 d6 3. g3 Nc6 4. Bg2 g6 5. d3 Bg7 6. f4 e6 7. Nf3 Nge7 8. O-O O-O 9. Be3 Nd4 10. e5 Nef5 11. Bf2 Nxf3+ 12. Qxf3 Nd4 13. Qd1 dxe5 14. fxe5 Bxe5 15. Ne4 Nf5 16. c3 Rb8 17. Nxc5 b6 18. Ne4 Bb7 19. d4 Bg7 20. g4 Nh4 21. Bxh4 Qxh4 22. Qe2 Rbd8 23. Nf6+ Bxf6 24. Bxb7 Kg7 25. Rf2 Rd7 26. Raf1 Bxd4 27. cxd4 Rxb7 28. Qe5+ Kg8 29. Qe4 Rd7 30. Rf6 Qg5 31. Qf3 Qd5 32. Qxd5 Rxd5 33. R6f4 g5 34. Re4 Rfd8 35. Re5 h6 36. Rxd5 Rxd5 37. Rd1 e5 38. Kf2 Rxd4 0-1

[Event "Quebec-ch qual"]
[Site "Montreal CAN"]
[Date "2000.04.28"]
[Round "1"]
[White "Larochelle, Martial"]
[Black "Dominique, Vladimir"]
[Result "1-0"]
[WhiteElo "2198"]
[BlackElo "1816"]
[PlyCount "67"]
[GameId "2160767911703378"]
[EventDate "2000.07.02"]
[EventType "swiss"]
[EventRounds "5"]
[EventCountry "CAN"]
[SourceTitle "EXT 2009"]
[Source "ChessBase"]
[SourceDate "2008.11.26"]
[SourceVersion "1"]
[SourceVersionDate "2008.11.26"]
[SourceQuality "1"]

1. c4 c6 2. b3 d5 3. Nf3 Nf6 4. g3 Bf5 5. Bg2 e6 6. O-O Bd6 7. Bb2 Nbd7 8. d3 Qe7 9. Nbd2 e5 10. e4 dxe4 11. dxe4 Bg4 12. a3 a5 13. b4 O-O 14. c5 Bc7 15. Qc2 Ra7 16. Nc4 Rfa8 17. Rad1 axb4 18. axb4 Ne8 19. Rd2 f6 20. Rfd1 Nf8 21. h3 Be6 22. Bf1 Rd8 23. Rxd8 Bxd8 24. Nd6 Bc7 25. Nf5 Qf7 26. Nd2 Qh5 27. Nc4 g6 28. g4 Qg5 29. Bc1 Qxc1 30. Qxc1 gxf5 31. gxf5 Bf7 32. Nd6 Bh5 33. Nxe8 Bxe8 34. Qh6 1-0

[Event "Quebec-ch qual"]
[Site "Montreal CAN"]
[Date "2000.04.28"]
[Round "1"]
[White "Mathews, Theo"]
[Black "Pitre, Francois"]
[Result "0-1"]
[WhiteElo "1737"]
[BlackElo "2007"]
[PlyCount "46"]
[GameId "2160767911703379"]
[EventDate "2000.07.02"]
[EventType "swiss"]
[EventRounds "5"]
[EventCountry "CAN"]
[SourceTitle "EXT 2009"]
[Source "ChessBase"]
[SourceDate "2008.11.26"]
[SourceVersion "1"]
[SourceVersionDate "2008.11.26"]
[SourceQuality "1"]

1. d4 Nf6 2. c4 Nc6 3. Nc3 e6 4. Nf3 Bb4 5. Qc2 O-O 6. a3 Bxc3+ 7. Qxc3 d6 8. e3 Qe7 9. Bd3 a5 10. b3 e5 11. dxe5 dxe5 12. Bc2 Bg4 13. h3 Bh5 14. Nh4 Nd4 15. Bd3 Ne4 16. Bxe4 Qxh4 17. g4 Bg6 18. Bxg6 Nf3+ 19. Ke2 fxg6 20. Kf1 Rad8 21. Ra2 Rd1+ 22. Kg2 Rxh1 23. Kxh1 Qxh3# 0-1

[Event "Quebec-ch qual"]
[Site "Montreal CAN"]
[Date "2000.04.29"]
[Round "2"]
[White "Lezaic, Jovan"]
[Black "Larochelle, Martial"]
[Result "0-1"]
[WhiteElo "1904"]
[BlackElo "2198"]
[PlyCount "102"]
[GameId "2160767911703382"]
[EventDate "2000.07.02"]
[EventType "swiss"]
[EventRounds "5"]
[EventCountry "CAN"]
[SourceTitle "EXT 2009"]
[Source "ChessBase"]
[SourceDate "2008.11.26"]
[SourceVersion "1"]
[SourceVersionDate "2008.11.26"]
[SourceQuality "1"]

1. d4 d5 2. c4 Nc6 3. cxd5 Qxd5 4. Nf3 e5 5. Nc3 Bb4 6. Bd2 Bxc3 7. Bxc3 e4 8. Ne5 e3 9. Nxc6 exf2+ 10. Kxf2 Qxc6 11. d5 Qg6 12. Qd4 Nf6 13. Qe3+ Ne4+ 14. Ke1 O-O 15. Rd1 Re8 16. Qf4 b6 17. g3 Ba6 18. Rg1 Qh5 19. Rg2 Rad8 20. Rd4 Nxc3 21. bxc3 Rxd5 22. g4 Rxd4 23. Qxd4 Qg5 24. Rg3 g6 25. Qd7 Qe5 26. Qd4 c5 27. Qxe5 Rxe5 28. g5 Re4 29. Rg2 Kg7 30. h3 Bc4 31. a3 Bb5 32. Rg4 Rxg4 33. hxg4 h6 34. gxh6+ Kxh6 35. Kf2 Kg5 36. Kg3 Bc4 37. Kh3 Be6 38. e3 Bxg4+ 39. Kg3 Bd7 40. Bc4 f5 41. Bd3 b5 42. Be2 a5 43. Bd1 Bc6 44. Bb3 Kf6 45. Bg8 Ke5 46. Bf7 g5 47. Bb3 Ke4 48. Bc2+ Kxe3 49. Bxf5 Kd2 50. c4 bxc4 51. Kg4 c3 0-1

[Event "Quebec-ch qual"]
[Site "Montreal CAN"]
[Date "2000.04.29"]
[Round "2"]
[White "Pnevmonidis, Pantelis"]
[Black "Masse, Hugues"]
[Result "1-0"]
[WhiteElo "2114"]
[BlackElo "1938"]
[PlyCount "67"]
[GameId "2160767911703384"]
[EventDate "2000.07.02"]
[EventType "swiss"]
[EventRounds "5"]
[EventCountry "CAN"]
[SourceTitle "EXT 2009"]
[Source "ChessBase"]
[SourceDate "2008.11.26"]
[SourceVersion "1"]
[SourceVersionDate "2008.11.26"]
[SourceQuality "1"]

1. e4 c5 2. Nf3 d6 3. d4 cxd4 4. Qxd4 Nc6 5. Bb5 Bd7 6. Bxc6 Bxc6 7. Nc3 Nf6 8. Bg5 e6 9. O-O-O Be7 10. Rhe1 Qa5 11. Kb1 O-O 12. Qd2 Kh8 13. Nd4 Rac8 14. f3 a6 15. h4 b5 16. g4 b4 17. Nce2 Qb6 18. Ng3 a5 19. Be3 Qb7 20. g5 Nd7 21. h5 Ne5 22. b3 Be8 23. f4 Nc6 24. f5 Bd7 25. g6 Nxd4 26. Bxd4 e5 27. Be3 Bh4 28. h6 Bxg3 29. hxg7+ Kxg7 30. Bh6+ Kg8 31. gxh7+ Kxh7 32. Bxf8 Rxf8 33. Rh1+ Kg8 34. Qg5# 1-0